Statistics for Songs by Letter - D

Click here to take the quiz!

General Stats

  • This quiz has been taken 86 times
  • The average score is 9 of 18

Answer Stats

SongArtist% Correct
Dancing QueenABBA
97%
Don't Stop BelievingJourney
87%
Down UnderMen At Work
67%
Dancing In The DarkBruce Springsteen
64%
Don't SpeakNo Doubt
64%
(Don’t Fear) The ReaperBlue Öyster Cult
58%
Don't You (Forget About Me)Simple Minds
57%
Drop It Like It's HotSnoop Dogg feat. Pharrell
54%
Daydream BelieverThe Monkees
54%
Dancing In The StreetDavid Bowie & Mick Jagger
53%
Don't You Want MeThe Human League
47%
Don't Worry, Be HappyBobby McFerrin
46%
DespacitoLuis Fonsi feat. Daddy Yankee
46%
Do I Wanna Know?Arctic Monkeys
36%
Don't You Worry ChildSwedish House Mafia feat. John Martin
33%
Do Wah Diddy DiddyManfred Mann
26%
Dragostea Din Tei (Numa Numa Song)O-Zone
22%
Don't Dream It's OverCrowded House
20%

Score Distribution

Percentile by Number Answered

Percent of People with Each Score

Your Score History

You have not taken this quiz